Emile Durkheim / 3
| Tipo de documento: | Print Libro |
|---|---|
| Lenguaje: | Inglés |
| Publicado: |
London
Routledge
1990
|
| En: |
Emile Durkheim critical assessments
Año: 1990 |
| Disponibilidad en Tübingen: | Disponible en Tübingen. UB: KB 18 A 6882-3 |
| Verificar disponibilidad: | HBZ Gateway |
| Servicio de pedido Subito: | Pedir ahora. |
MARC
| LEADER | 00000cam a2200000 cc4500 | ||
|---|---|---|---|
| 001 | 1091021139 | ||
| 003 | DE-627 | ||
| 005 | 20220514124014.0 | ||
| 007 | tu | ||
| 008 | 900717s1990 xx ||||| 00| ||eng c | ||
| 035 | |a (DE-627)1091021139 | ||
| 035 | |a (DE-576)021021139 | ||
| 035 | |a (DE-599)BSZ021021139 | ||
| 035 | |a (OCoLC)311285401 | ||
| 040 | |a DE-627 |b ger |c DE-627 |e rakwb | ||
| 041 | |a eng | ||
| 084 | |a MQ 3151 |2 rvk |0 (DE-625)rvk/123431:11634 | ||
| 245 | 0 | 0 | |a Emile Durkheim |n 3 |c ed. by Peter Hamilton |
| 264 | 1 | |a London |b Routledge |c 1990 | |
| 300 | |a 404 S. |b Ill., graph. Darst. | ||
| 336 | |a Text |b txt |2 rdacontent | ||
| 337 | |a ohne Hilfsmittel zu benutzen |b n |2 rdamedia | ||
| 338 | |a Band |b nc |2 rdacarrier | ||
| 773 | 1 | 8 | |a Emile Durkheim critical assessments |w (DE-627)1089328222 |w (DE-576)019328222 |g 3 |q 3 |7 nnam |
| 936 | r | v | |a MQ 3151 |b Sekundärliteratur |k Soziologie |k Einführung und Geschichte |k Einzelne Autoren |k Autoren D |k Durkheim, Émile |k Sekundärliteratur |0 (DE-627)1388131293 |0 (DE-625)rvk/123431:11634 |0 (DE-576)318131293 |
| 951 | |a MV | ||
| ELC | |b 1 | ||
| LOK | |0 000 xxxxxcx a22 zn 4500 | ||
| LOK | |0 001 2147714712 | ||
| LOK | |0 003 DE-627 | ||
| LOK | |0 004 1091021139 | ||
| LOK | |0 005 20151019131212 | ||
| LOK | |0 008 900827||||||||||||||||ger||||||| | ||
| LOK | |0 040 |a DE-21 |c DE-627 |d DE-21 | ||
| LOK | |0 852 |a DE-21 | ||
| LOK | |0 852 1 |c KB 18 A 6882-3 |9 00 | ||
| LOK | |0 935 |a krim | ||
| LOK | |0 939 |a 27-08-90 |b l01 | ||
| ORI | |a SA-MARC-krimdoka001.raw | ||
| SIG | |a UB: KB 18 A 6882-3 | ||
